000 00482nam a2200193Ia 4500
003 GCL
040 _aGCL /
_cGCL
082 0 4 _a892.76
_bM N
100 1 _aNAGUIB MAHFOUZ
245 1 0 _aNIEUW CAIRO /
_cNAGUIB MAHFOUZ
700 1 _aPOPPINGA, DJUKE
260 _a[S.N] :
_bTHE AMERICAN UNIVERSITY IN CAIRO PRESS ،
_c1998
300 _a236 P
650 0 4 _aLITERATURE
650 0 4 _aNAGUIB MAHFOUZ
650 0 4 _aARABIC FICTION
650 0 4 _aARABIC LITERATURE
942 _2ddc
_cBK
999 _c15983
_d15983